000
00295nam a2200121Ia 4500
008
190902s9999||||xx |||||||||||||| ||und||
020
_a
0-8144-0533-9
100
_a
Sharon Khan
245
0
_a
101 Best Businesses to Start
260
_a
London
_b
The McGraw-Hill
_c
1992
300
_a
529
942
_c
BK
999
_c
2788
_d
2788